SZTE Klinika Magazin
Elmentve itt :
| Dokumentumtípus: | Folyóirat |
|---|---|
| Megjelent: |
Szegedi Tudományegyetem
Szeged
2019
|
| Sorozat: | SZTE Klinika Magazin
1 No. 1 |
| Online Access: | http://univ.bibl.u-szeged.hu/52504 |
| LEADER | 00546nas a2200157 i 4500 | ||
|---|---|---|---|
| 001 | univ52504 | ||
| 005 | 20200527144223.0 | ||
| 008 | 200106s2019 hu o 0|| zxx d | ||
| 022 | |a 2676-9441 | ||
| 040 | |a SZTE UnivHistória Repozitórium |b hun | ||
| 041 | |a zxx | ||
| 245 | 0 | 0 | |a SZTE Klinika Magazin |h [elektronikus dokumentum] |
| 260 | |a Szegedi Tudományegyetem |b Szeged |c 2019 | ||
| 490 | 0 | |a SZTE Klinika Magazin |v 1 No. 1 | |
| 561 | |a Egyetemi, hallgatói élet | ||
| 856 | 4 | 0 | |u http://univ.bibl.u-szeged.hu/52504/1/szte_klinika_magazin_2019_01.pdf |z Dokumentum-elérés |